000 01077nam a22002775i 4500
001 165044
003 ES-MaACL
005 20251003185627.0
008 050810s1843 sp | |||||||| ||spa d
040 _aCAM
_bspa
_cCAM
080 _a821.133.1-23"18"
100 1 _aScribe, Eugène.
_9104966
245 1 0 _aCaer en sus propias redes
_b: comedia en dos actos /
_cescrita en francés por Scribe ; (traducción de I. Gil).
260 _aMadrid :
_b[s.n.,
_c1843?.] (
_fImprenta de F. Suárez)
300 _a27 p. ;
_c25 cm.
490 1 _aMuseo dramático
500 _aRepresentada por primera vez en Madrid en el Teatro del Príncipe el dia 31 de marzo de 1843.
594 _aAutor y título tomado de principio del texto.
597 _aTexto a dos col.
598 _aDato de serie consta en cabecera de pág.
700 1 _aGil y Baus, Isidoro,
_d1814-1866
_956736
830 0 _aMuseo dramático
_9187645
852 _aES-MaACL
_jF-7489(2)
_z-- Enc. hol., falto de la cub. original
_z-- Enc. en un vol. facticio
999 _c165044
_d165044